अब कल आएगा यमराज / (Record no. 117058)
[ view plain ]
| 000 -LEADER | |
|---|---|
| fixed length control field | 01047nam a22002777a 4500 |
| 003 - CONTROL NUMBER IDENTIFIER | |
| control field | dpl |
| 005 - DATE AND TIME OF LATEST TRANSACTION | |
| control field | 20190307134940.0 |
| 008 - FIXED-LENGTH DATA ELEMENTS--GENERAL INFORMATION | |
| fixed length control field | 190307b ||||| |||| 00| 0 eng d |
| 010 ## - LIBRARY OF CONGRESS CONTROL NUMBER | |
| LC control number | B-104732 |
| 020 ## - INTERNATIONAL STANDARD BOOK NUMBER | |
| Terms of availability | 150.00 |
| International Standard Book Number | 8188139343 |
| 035 ## - SYSTEM CONTROL NUMBER | |
| System control number | B-104732, B-104740 |
| 037 ## - SOURCE OF ACQUISITION | |
| Source of stock number/acquisition | Cen Lib/Ret |
| 040 ## - CATALOGING SOURCE | |
| Original cataloging agency | DPL |
| Language of cataloging | HN |
| Transcribing agency | 0 |
| 082 ## - DEWEY DECIMAL CLASSIFICATION NUMBER | |
| Classification number | क |
| Item number | अभिम |
| 100 ## - MAIN ENTRY--PERSONAL NAME | |
| Personal name | अभिमन्यु अनत |
| 9 (RLIN) | 47617 |
| 245 ## - TITLE STATEMENT | |
| Title | अब कल आएगा यमराज / |
| Statement of responsibility, etc | अभिमन्यु अनत |
| 246 ## - VARYING FORM OF TITLE | |
| Title proper/short title | Ab kal ayega yamraj / |
| Remainder of title | by Abhimanyu Anat |
| 260 ## - PUBLICATION, DISTRIBUTION, ETC. (IMPRINT) | |
| Place of publication, distribution, etc | दिल्ली |
| Name of publisher, distributor, etc | ज्ञान गंगा |
| Date of publication, distribution, etc | 2003 |
| 270 ## - ADDRESS | |
| City | दिल्ली |
| Address | 205-सी चावड़ी बाजार |
| Postal code | 110006 |
| 300 ## - PHYSICAL DESCRIPTION | |
| Extent | 153पृ. |
| Dimensions | 21सेमी(सजिल्द) |
| 650 ## - SUBJECT ADDED ENTRY--TOPICAL TERM | |
| Topical term or geographic name as entry element | हिन्दी साहित्य |
| 9 (RLIN) | 69829 |
| 650 ## - SUBJECT ADDED ENTRY--TOPICAL TERM | |
| Topical term or geographic name as entry element | हिन्दी -- कहानियाँ |
| 9 (RLIN) | 69830 |
| 650 ## - SUBJECT ADDED ENTRY--TOPICAL TERM | |
| Topical term or geographic name as entry element | Hindi literature |
| 9 (RLIN) | 69831 |
| 650 ## - SUBJECT ADDED ENTRY--TOPICAL TERM | |
| Topical term or geographic name as entry element | Hindi -- Stories |
| 9 (RLIN) | 69832 |
| 942 ## - ADDED ENTRY ELEMENTS (KOHA) | |
| Source of classification or shelving scheme | Dewey Decimal Classification |
| Koha item type | Hindi Books |
| Classification part | क |
| Call number suffix | अभिम |
| Withdrawn status | Lost status | Damaged status | Not for loan | Home library | Current library | Date acquired | Source of acquisition | Cost, normal purchase price | Total Checkouts | Full call number | Barcode | Date last seen | Date checked out | Copy number | Cost, replacement price | Price effective from | Koha item type | Source of classification or shelving scheme | Collection code |
|---|---|---|---|---|---|---|---|---|---|---|---|---|---|---|---|---|---|---|---|
| Central Library | Central Library | 26/08/2015 | Cen Lib/Ret | 150.00 | 3 | क अभिम | B-104732 | 23/02/2019 | 02/02/2019 | 1 | 150.00 | 26/08/2015 | Hindi Books | ||||||
| Shahdara Branch | Shahdara Branch | 07/03/2019 | BPPD/PUB | 150.00 | 1 | क अभिम | B-104740 | 28/07/2019 | 14/07/2019 | 150.00 | 07/03/2019 | Hindi Books | Dewey Decimal Classification | Fiction | |||||
| Yojana Vihar | Yojana Vihar | 27/07/2019 | BPPD/PUB | 150.00 | क अभिम | B-104741 | 27/07/2019 | 150.00 | 27/07/2019 | Hindi Books | Dewey Decimal Classification | Fiction |
